[Event "18th EUR-ch (w)"]
[Site "Riga LAT"]
[Date "2017.04.16"]
[Round "6.28"]
[White "Zherebtsova, Alexandra"]
[Black "Lazarne Vajda, Szidonia"]
[Result "1/2-1/2"]
[WhiteElo "2222"]
[BlackElo "2355"]
[EventDate "2017.04.11"]
[PlyCount "71"]

1.d4 d5 2.Nf3 Nf6 3.c4 c6 4.e3 Bf5 5.Nc3 e6 6.Nh4 Bg6 7.Qb3 Qc7 8.Nxg6 
hxg6 9.Bd2 Nbd7 10.g3 Bd6 11.Bg2 dxc4 12.Qxc4 Nb6 13.Qe2 e5 14.dxe5 Bxe5 
15.O-O-O Qe7 16.f4 Bc7 17.e4 O-O-O 18.Kb1 Kb8 19.Bf3 Nfd7 20.h4 f6 21.Be3 
Nc5 22.Bc1 Nca4 23.Nxa4 Nxa4 24.Rxd8+ Rxd8 25.Rd1 Rxd1 26.Qxd1 Nc5 27.Qd4 
Bb6 28.Qc4 Ne6 29.Bg4 Nd8 30.Bd2 Bf2 31.Qd3 Nf7 32.Qf3 Bd4 33.Qd3 Bf2 34.
Qf3 Bd4 35.Qd3 Bf2 36.Qf3 1/2-1/2

[Event "18th EUR-ch (w)"]
[Site "Riga LAT"]
[Date "2017.04.16"]
[Round "6.29"]
[White "Sazonova, Anastasia"]
[Black "Mammadzada, Gunay"]
[Result "1-0"]
[WhiteElo "2143"]
[BlackElo "2348"]
[EventDate "2017.04.11"]
[PlyCount "125"]

1.d4 d5 2.c4 c6 3.cxd5 cxd5 4.Bf4 Nc6 5.e3 Nf6 6.Nc3 a6 7.Be2 Bf5 8.Nf3 e6
9.Qb3 Ra7 10.O-O Be7 11.h3 O-O 12.Rfc1 Na5 13.Qd1 b5 14.Ne5 Qb6 15.Bd3 
Bxd3 16.Qxd3 Nd7 17.Nxd7 Rxd7 18.Ne2 Nc6 19.Bg3 g6 20.Qd1 Bd6 21.Bxd6 Rxd6
22.Rc5 Rfd8 23.Rac1 Kg7 24.Nf4 Ne7 25.Qc2 R6d7 26.Nd3 Ra7 27.Ne5 Raa8 28.
Rc7 Re8 29.Qc5 Qxc5 30.R1xc5 Kf8 31.Rb7 f6 32.Nd7+ Kf7 33.Rcc7 Rac8 34.
Rxc8 Rxc8 35.Nc5 Rc6 36.Ra7 e5 37.Rxa6 exd4 38.exd4 Rc7 39.Rb6 Nf5 40.Rxb5
Nxd4 41.Rb7 Rxb7 42.Nxb7 Ke6 43.Kf1 Kd7 44.Nc5+ Kc6 45.Nd3 Kb5 46.b3 g5 
47.Ke1 h5 48.Kd2 h4 49.Ne1 Ne6 50.Kc3 f5 51.Nc2 Kb6 52.f3 Ka5 53.b4+ Ka4 
54.a3 Nf4 55.Ne3 g4 56.Nxf5 gxf3 57.gxf3 Nxh3 58.Nxh4 Nf4 59.Kd4 Kxa3 60.
b5 Kb4 61.b6 Kb5 62.b7 Ne6+ 63.Ke3 1-0

[Event "18th EUR-ch (w)"]
[Site "Riga LAT"]
[Date "2017.04.16"]
[Round "6.30"]
[White "Osmak, Yuliya"]
[Black "Chan, Naruna"]
[Result "1/2-1/2"]
[WhiteElo "2348"]
[BlackElo "1981"]
[EventDate "2017.04.11"]
[PlyCount "113"]

1.e4 c5 2.Nf3 Nc6 3.Bb5 g6 4.O-O Bg7 5.Re1 Nf6 6.Bxc6 bxc6 7.e5 Nd5 8.c4 
Nc7 9.d4 cxd4 10.Qxd4 O-O 11.Qh4 f6 12.Bh6 d6 13.Bxg7 Kxg7 14.exd6 Qxd6 
15.Nc3 e5 16.Rad1 Qb4 17.Ne4 Qxc4 18.b3 Qb4 19.Rd6 Nd5 20.Rxc6 Bb7 21.Rc4 
Qe7 22.Nc5 Rfc8 23.Nxe5 Re8 24.Nxb7 Qxb7 25.Nf3 Rxe1+ 26.Nxe1 Re8 27.Nf3 
Re2 28.h3 Rxa2 29.Qe4 Qb6 30.Rd4 Ra1+ 31.Kh2 Qc7+ 32.g3 Qc1 33.g4 Qc7+ 34.
Kg2 Nb6 35.Qe8 Qf7 36.Qe3 g5 37.Qc3 Ra3 38.Nxg5 Rxb3 39.Nxf7 Rxc3 40.Nd6 
Ra3 41.Nf5+ Kf7 42.Rd8 a5 43.Rh8 Nd5 44.Rxh7+ Ke6 45.f3 a4 46.Ra7 Ra1 47.
h4 a3 48.h5 Nf4+ 49.Kh2 Ra2+ 50.Kg3 Nxh5+ 51.gxh5 Kxf5 52.h6 Ra1 53.Kh2 
Ra2+ 54.Kg3 Ra1 55.h7 Rh1 56.Rxa3 Rxh7 57.Ra5+ 1/2-1/2

[Event "18th EUR-ch (w)"]
[Site "Riga LAT"]
[Date "2017.04.16"]
[Round "6.31"]
[White "Bodnaruk, Anastasia"]
[Black "Dolukhanova, Evgeniya"]
[Result "1-0"]
[WhiteElo "2446"]
[BlackElo "2287"]
[EventDate "2017.04.11"]
[PlyCount "97"]

1.e4 c5 2.Nf3 Nc6 3.d4 cxd4 4.Nxd4 e5 5.Nb5 d6 6.N1c3 a6 7.Na3 Be7 8.Nc4 
b5 9.Ne3 Nf6 10.g3 Nd4 11.Bg2 Be6 12.Ncd5 Nxd5 13.Nxd5 Bxd5 14.exd5 b4 15.
c3 bxc3 16.bxc3 Nb5 17.Bb2 O-O 18.O-O Rb8 19.Qe2 Qb6 20.Rfb1 Rfc8 21.Be4 
Qc5 22.Bf5 Rd8 23.Rc1 g6 24.Bd3 Qxd5 25.c4 Nd4 26.cxd5 Nxe2+ 27.Bxe2 Rxb2 
28.Bxa6 Ra8 29.Rc6 Bd8 30.Rxd6 Bb6 31.Bc4 Bxf2+ 32.Kh1 e4 33.Rd7 Rc8 34.
Bb3 Ra8 35.Rc1 e3 36.d6 e2 37.Re7 Bc5 38.Rxc5 Rb1+ 39.Kg2 e1=Q 40.Rxe1 
Rxe1 41.d7 Rf8 42.Kf3 Rf1+ 43.Ke4 Rf6 44.Ke5 Ra6 45.Rc8 Ra8 46.Rxa8 Rxa8 
47.Bd5 Rd8 48.Kd6 Kf8 49.a4 1-0

[Event "18th EUR-ch (w)"]
[Site "Riga LAT"]
[Date "2017.04.16"]
[Round "6.33"]
[White "Houska, Jovanka"]
[Black "Unuk, Laura"]
[Result "1/2-1/2"]
[WhiteElo "2397"]
[BlackElo "2275"]
[EventDate "2017.04.11"]
[PlyCount "41"]

1.d4 d5 2.Nf3 Nf6 3.c4 c6 4.Nc3 a6 5.cxd5 cxd5 6.Bf4 Nc6 7.Rc1 Bf5 8.e3 
Rc8 9.Bd3 Bxd3 10.Qxd3 e6 11.O-O Bd6 12.Bxd6 Qxd6 13.Na4 O-O 14.Nc5 Qe7 
15.a3 e5 16.dxe5 Nxe5 17.Nxe5 Qxe5 18.Qd4 Qxd4 19.exd4 Rc7 20.f3 Rfc8 21.
Nd3 1/2-1/2

[Event "18th EUR-ch (w)"]
[Site "Riga LAT"]
[Date "2017.04.16"]
[Round "6.35"]
[White "Golubenko, Valentina"]
[Black "Papp, Petra"]
[Result "0-1"]
[WhiteElo "2271"]
[BlackElo "2378"]
[EventDate "2017.04.11"]
[PlyCount "110"]

1.d4 Nf6 2.c4 g6 3.g3 c6 4.Bg2 d5 5.b3 dxc4 6.bxc4 e5 7.d5 cxd5 8.cxd5 
Bb4+ 9.Bd2 Nxd5 10.Qb3 Bxd2+ 11.Nxd2 Ne7 12.Ngf3 Nbc6 13.Ng5 O-O 14.Rd1 
Nd4 15.Qc4 Bg4 16.O-O Bxe2 17.Qc5 Bxf1 18.Bxf1 Nec6 19.h4 Qe7 20.Qc3 Rad8 
21.Nde4 h6 22.Nf3 Qb4 23.Rc1 Qxc3 24.Rxc3 Nxf3+ 25.Rxf3 Rd4 26.Re3 Rfd8 
27.Bg2 Rd3 28.Re2 Nd4 29.Rb2 Nf3+ 30.Bxf3 Rxf3 31.Rxb7 Ra3 32.Nf6+ Kg7 33.
Ng4 Rd1+ 34.Kg2 Rd5 35.Ne3 Rc5 36.h5 Rxa2 37.hxg6 Kxg6 38.g4 Rc3 39.Kf3 
Ra4 40.Re7 Kf6 41.Rd7 Kg6 42.Kg3 a5 43.Rd5 f6 44.Rd7 Ra2 45.Rd8 a4 46.Rg8+
Kf7 47.Rh8 Kg7 48.Ra8 a3 49.Kf3 Rb2 50.Ke4 Rxf2 51.Nf5+ Kg6 52.Rg8+ Kf7 
53.Nxh6+ Ke6 54.Re8+ Kd7 55.Ra8 Rf4+ 0-1

[Event "18th EUR-ch (w)"]
[Site "Riga LAT"]
[Date "2017.04.16"]
[Round "6.37"]
[White "Badelka, Olga"]
[Black "Calzetta Ruiz, Monica"]
[Result "1/2-1/2"]
[WhiteElo "2362"]
[BlackElo "2257"]
[EventDate "2017.04.11"]
[PlyCount "128"]

1.c4 g6 2.Nc3 c5 3.g3 Bg7 4.Bg2 Nc6 5.d3 d6 6.Qd2 Qd7 7.b3 b6 8.Bb2 Bb7 9.
Nd5 e5 10.e3 Nge7 11.Ne2 Nxd5 12.cxd5 Ne7 13.e4 O-O 14.O-O f5 15.f4 a5 16.
a3 Ba6 17.Rf2 Rae8 18.b4 Qb5 19.bxc5 bxc5 20.Rd1 Rb8 21.Bc3 a4 22.fxe5 
dxe5 23.d6 Nc6 24.exf5 Nd4 25.Nxd4 exd4 26.Ba5 Qb3 27.Bc7 Bh6 28.Qxh6 
Qxd1+ 29.Rf1 Qxd3 30.Bxb8 Rxb8 31.fxg6 Qe3+ 32.Qxe3 dxe3 33.gxh7+ Kxh7 34.
Re1 Rd8 35.Rxe3 Rxd6 36.Be4+ Kg7 37.Bc2 Rd4 38.Rc3 c4 39.Bxa4 Rd2 40.h4 
Kf6 41.Re3 Kf5 42.Bc6 Kg4 43.a4 Bc8 44.Bb5 Rc2 45.Kf1 Kh3 46.a5 Ra2 47.
Bxc4 Rxa5 48.Kf2 Bg4 49.Bf1+ Kh2 50.Be2 Rf5+ 51.Ke1 Bxe2 52.Kxe2 Kh3 53.
Kd3 Kg4 54.Kd4 Ra5 55.Rd3 Rb5 56.Ke4 Ra5 57.Rb3 Rc5 58.Rd3 Ra5 59.Rd5 Ra4+
60.Ke5 Kxg3 61.h5 Ra6 62.Kf5 Kh4 63.Rd1 Ra5+ 64.Kf4 Kxh5 1/2-1/2

[Event "18th EUR-ch (w)"]
[Site "Riga LAT"]
[Date "2017.04.16"]
[Round "6.38"]
[White "Balaian, Alina"]
[Black "Brunello, Marina"]
[Result "0-1"]
[WhiteElo "2229"]
[BlackElo "2354"]
[EventDate "2017.04.11"]
[PlyCount "98"]

1.e4 c5 2.Nf3 d6 3.d4 cxd4 4.Nxd4 Nf6 5.Nc3 a6 6.Be2 e5 7.Nb3 Be7 8.O-O 
O-O 9.Kh1 Nc6 10.f3 Be6 11.Nd5 Bxd5 12.exd5 Nb4 13.c4 a5 14.Bd2 b6 15.Nc1 
Na6 16.Be3 Nc5 17.Bxc5 bxc5 18.Bd3 Nh5 19.Qc2 g6 20.g3 Bf6 21.Ne2 Bg7 22.
Nc3 Rb8 23.Rae1 f5 24.Nb5 Qd7 25.Qd2 Ra8 26.Rf2 Bf6 27.Bf1 Ng7 28.Bh3 h5 
29.Rg2 Kf7 30.g4 hxg4 31.fxg4 Rh8 32.Qd3 e4 33.gxf5 gxf5 34.Qg3 Be5 35.
Qg6+ Kf8 36.Re3 Qf7 37.Nxd6 Qxg6 38.Rxg6 Bf4 39.Rc3 e3 40.Bf1 Ra6 41.Rxg7 
Kxg7 42.Nxf5+ Kf6 43.Nxe3 Rxh2+ 44.Kg1 Rxb2 45.Ng2 Be5 46.Rf3+ Kg5 47.Bd3 
Bd4+ 48.Ne3 Rf6 49.Rh3 Kf4 0-1

[Event "18th EUR-ch (w)"]
[Site "Riga LAT"]
[Date "2017.04.16"]
[Round "6.39"]
[White "Arda, Cagil Irmak"]
[Black "Warakomska, Anna"]
[Result "0-1"]
[WhiteElo "2089"]
[BlackElo "2343"]
[EventDate "2017.04.11"]
[PlyCount "110"]

1.e4 c5 2.Nf3 e6 3.d4 cxd4 4.Nxd4 Nc6 5.Nc3 Qc7 6.g3 d6 7.Bg2 Bd7 8.O-O a6
9.Re1 Be7 10.Nb3 Rc8 11.f4 b5 12.a3 h5 13.h3 Kf8 14.Qe2 Bf6 15.Be3 Bxc3 
16.bxc3 e5 17.Rad1 Be6 18.Qd2 Ke7 19.Qf2 Nf6 20.Bb6 Qb8 21.Bf1 h4 22.g4 
Nd7 23.Be3 exf4 24.Bxf4 Nce5 25.Nd4 Rxc3 26.Nf5+ Bxf5 27.exf5 Kf8 28.Bg2 
Qc7 29.Qd4 Rc4 30.Qxd6+ Qxd6 31.Rxd6 Rxf4 32.Rxe5 Nxe5 33.Rd8+ Ke7 34.Rxh8
Ra4 35.Ra8 Rxa3 36.Bf1 Kf6 37.Kf2 Kg5 38.Ke1 Kf4 39.Kd2 Nf3+ 40.Ke2 Nd4+ 
41.Kd2 Nf3+ 42.Ke2 Ng1+ 43.Kd2 Nxh3 44.Bxb5 Nf2 45.Bc6 Nxg4 46.Rg8 Ne5 47.
Bd5 g5 48.fxg6 fxg6 49.Rh8 Kg3 50.Re8 Nf3+ 51.Bxf3 Kxf3 52.Rg8 h3 53.Rxg6 
h2 54.Rf6+ Kg2 55.Rg6+ Rg3 0-1

[Event "18th EUR-ch (w)"]
[Site "Riga LAT"]
[Date "2017.04.16"]
[Round "6.40"]
[White "Antova, Gabriela"]
[Black "Sedina, Elena"]
[Result "1/2-1/2"]
[WhiteElo "2335"]
[BlackElo "2253"]
[EventDate "2017.04.11"]
[PlyCount "40"]

1.d4 d5 2.Nf3 Nf6 3.c4 c6 4.e3 Bf5 5.Nc3 e6 6.Nh4 Be4 7.Be2 h6 8.O-O Bh7 
9.Bd3 Be7 10.Nf3 Nbd7 11.Bxh7 Nxh7 12.Qb3 Qb6 13.e4 dxe4 14.Nxe4 Qxb3 15.
axb3 Nhf6 16.Nxf6+ Nxf6 17.Bf4 O-O 18.Rfd1 Rfd8 19.h3 a6 20.Bc7 Rdc8 
1/2-1/2

[Event "18th EUR-ch (w)"]
[Site "Riga LAT"]
[Date "2017.04.16"]
[Round "6.43"]
[White "Buksa, Natalia"]
[Black "Gevorgian, Maria"]
[Result "1-0"]
[WhiteElo "2314"]
[BlackElo "2227"]
[EventDate "2017.04.11"]
[PlyCount "125"]

1.e4 c5 2.Nf3 e6 3.d4 cxd4 4.Nxd4 a6 5.c4 Nf6 6.Nc3 Bb4 7.Qd3 d5 8.exd5 
exd5 9.Be2 h6 10.O-O O-O 11.Nc2 Bxc3 12.Qxc3 Re8 13.Bf3 Nc6 14.Bf4 dxc4 
15.Bxc6 bxc6 16.Rad1 Nd5 17.Qxc4 Bg4 18.Rd2 Be6 19.Qd4 Nxf4 20.Qxf4 Qa5 
21.a3 Rad8 22.Rxd8 Rxd8 23.Nd4 Bd7 24.h3 Qb6 25.Re1 Qxb2 26.Re7 Be8 27.Qe4
Kf8 28.Nf5 Qf6 29.Qb4 Kg8 30.Qe4 Rd1+ 31.Kh2 Bd7 32.Rxd7 Rxd7 33.Qe8+ Kh7 
34.Qxd7 g6 35.Ng3 Qxf2 36.Qxc6 a5 37.Qf3 Qa2 38.Ne4 Qe6 39.h4 Qe5+ 40.Ng3 
Qe7 41.Qf4 Kg7 42.a4 Qe8 43.Qd4+ Kg8 44.Ne4 Qe6 45.Nd2 Qe7 46.Nf3 Qe8 47.
Qf4 h5 48.Kg3 Qd7 49.Kh2 Qe8 50.Qc4 Qb8+ 51.Kh3 Qd8 52.Qb5 Qc8+ 53.Kh2 
Qc7+ 54.Qe5 Qa7 55.Qd6 Qa8 56.Qc7 Qd5 57.Qb8+ Kh7 58.Qf8 g5 59.Nxg5+ Kg6 
60.Qg8+ Kf6 61.Nf3 Ke6 62.Qg5 Qd6+ 63.Kh3 1-0

[Event "18th EUR-ch (w)"]
[Site "Riga LAT"]
[Date "2017.04.16"]
[Round "6.45"]
[White "Balajayeva, Khanim"]
[Black "Daulyte, Deimante"]
[Result "1/2-1/2"]
[WhiteElo "2196"]
[BlackElo "2443"]
[EventDate "2017.04.11"]
[PlyCount "52"]

1.e4 e5 2.Nf3 Nc6 3.Nc3 Nf6 4.d4 exd4 5.Nxd4 Bc5 6.Be3 Bb4 7.Nxc6 bxc6 8.
Bd3 O-O 9.O-O Re8 10.Qf3 d5 11.exd5 Bg4 12.Qg3 cxd5 13.Bg5 Be6 14.Bb5 Rf8 
15.Bc6 Bd6 16.Qh4 Rb8 17.Nxd5 Bxd5 18.Bxd5 Bxh2+ 19.Qxh2 Qxd5 20.Bxf6 gxf6
21.b3 Qe5 22.Rfe1 Qc3 23.Qg3+ Qxg3 24.fxg3 Rfe8 25.Kf2 Re5 26.Rad1 Rb6 
1/2-1/2

[Event "18th EUR-ch (w)"]
[Site "Riga LAT"]
[Date "2017.04.16"]
[Round "6.46"]
[White "Milliet, Sophie"]
[Black "Gueci, Tea"]
[Result "1/2-1/2"]
[WhiteElo "2352"]
[BlackElo "2132"]
[EventDate "2017.04.11"]
[PlyCount "196"]

1.e4 c6 2.d4 d5 3.Nc3 dxe4 4.Nxe4 Bf5 5.Ng3 Bg6 6.h4 h6 7.Nf3 Nd7 8.h5 Bh7
9.Bd3 Bxd3 10.Qxd3 e6 11.Bd2 Ngf6 12.O-O-O Be7 13.Kb1 O-O 14.Ne4 Nxe4 15.
Qxe4 Nf6 16.Qe2 Qd5 17.Be3 Qb5 18.c4 Qf5+ 19.Ka1 c5 20.Nh4 Qh7 21.dxc5 
Rfd8 22.Nf3 Qe4 23.Rh4 Qc6 24.Rhd4 Rxd4 25.Bxd4 Rd8 26.Re1 Bxc5 27.Bxf6 
gxf6 28.a3 Qd6 29.Ka2 Qf4 30.Rh1 f5 31.Re1 b6 32.g3 Qg4 33.Ne5 Qxe2 34.
Rxe2 a5 35.Kb3 Rd4 36.Kc3 Re4 37.Rxe4 fxe4 38.Ng4 f5 39.b4 axb4+ 40.axb4 
Bd6 41.Nf6+ Kf7 42.Nd7 Bc7 43.c5 bxc5 44.Nxc5 Ke7 45.Kd4 Kd6 46.g4 fxg4 
47.Nxe4+ Kc6 48.Kc4 Bf4 49.b5+ Kb6 50.Nc5 e5 51.Nd7+ Kc7 52.Nf6 g3 53.fxg3
Bxg3 54.Kc5 Kb7 55.Ne4 Bh2 56.Nd6+ Kc7 57.b6+ Kd7 58.Kd5 Bg1 59.Nc4 e4 60.
Kxe4 Kc6 61.Kf5 Bc5 62.Kg6 Bf8 63.Ne5+ Kb7 64.Nd7 Ba3 65.Kxh6 Bc1+ 66.Kg6 
Kc6 67.Ne5+ Kxb6 68.Nf7 Kc6 69.Ng5 Kd6 70.h6 Ke7 71.h7 Bb2 72.Ne4 Ba1 73.
Ng3 Bb2 74.Nf5+ Kf8 75.Ne3 Bd4 76.Nd5 Bh8 77.Nf6 Ke7 78.Nh5 Kf8 79.Nf4 Ke7
80.Ne2 Kf8 81.Ng1 Ke7 82.Nf3 Kf8 83.Nh4 Ke7 84.Nf5+ Kf8 85.Nh6 Ke7 86.Nf7 
Bb2 87.Ng5 Bh8 88.Kf5 Kf8 89.Kg6 Ke7 90.Kh6 Kf6 91.Ne4+ Kf7 92.Kg5 Kg7 93.
Nf6 Kf7 94.Nh5 Bb2 95.Kf5 Bh8 96.Nf4 Kg7 97.Ng6 Kxh7 98.Nxh8 Kxh8 1/2-1/2

[Event "18th EUR-ch (w)"]
[Site "Riga LAT"]
[Date "2017.04.16"]
[Round "6.48"]
[White "Mamedyarova, Turkan"]
[Black "De Seroux, Camille"]
[Result "1/2-1/2"]
[WhiteElo "2267"]
[BlackElo "2122"]
[EventDate "2017.04.11"]
[PlyCount "77"]

1.d4 Nf6 2.Nf3 e6 3.c4 Bb4+ 4.Bd2 Qe7 5.a3 Bxd2+ 6.Nbxd2 a5 7.e3 O-O 8.Qc2
d6 9.Bd3 Nbd7 10.O-O-O e5 11.h4 Re8 12.Ng5 h6 13.Nge4 Nxe4 14.Nxe4 Nf6 15.
f3 Nxe4 16.Bxe4 c6 17.Kb1 Be6 18.d5 cxd5 19.cxd5 Bd7 20.g4 Rec8 21.Qe2 Rc5
22.Ka1 Rac8 23.g5 h5 24.g6 fxg6 25.Bxg6 Qf6 26.Bb1 Ba4 27.Rd2 Rc1 28.Rxc1 
Rxc1 29.Qd3 Qxf3 30.Qh7+ Kf8 31.Qg6 Qf1 32.Qxd6+ Kg8 33.Qg6 Bc2 34.Qe8+ 
Kh7 35.Qxh5+ Kg8 36.Qe8+ Kh7 37.Qh5+ Kg8 38.Qe8+ Kh7 39.Qh5+ 1/2-1/2

[Event "18th EUR-ch (w)"]
[Site "Riga LAT"]
[Date "2017.04.16"]
[Round "6.50"]
[White "Kazarian, Anna-Maja"]
[Black "Olde, Margareth"]
[Result "0-1"]
[WhiteElo "2257"]
[BlackElo "2110"]
[EventDate "2017.04.11"]
[PlyCount "98"]

1.e4 c5 2.Nf3 e6 3.d4 cxd4 4.Nxd4 Nc6 5.Nc3 Qc7 6.Be2 a6 7.Be3 Nf6 8.O-O 
Bb4 9.Na4 Be7 10.Nxc6 bxc6 11.Nb6 Rb8 12.Nxc8 Qxc8 13.Bd4 c5 14.Be5 Rb6 
15.b3 O-O 16.Qd3 d6 17.Bb2 d5 18.e5 Nd7 19.c4 d4 20.f4 Nb8 21.Qh3 Nc6 22.
Bd3 g6 23.Rf3 f5 24.exf6 Bxf6 25.Re1 Nb4 26.Bb1 Rd6 27.f5 exf5 28.Bxf5 Qd8
29.Be6+ Kh8 30.Ref1 Qe7 31.Bg4 Nc2 32.Bc1 Rdd8 33.Bh6 Bg7 34.Bxg7+ Qxg7 
35.Rxf8+ Rxf8 36.Rxf8+ Qxf8 37.Qf3 Qe7 38.Qe2 Ne3 39.Bf3 Qc7 40.h3 Qa5 41.
Kf2 Qc3 42.Be4 Kg7 43.Qd3 Qb2+ 44.Kg3 a5 45.Qb1 Qe2 46.a3 Nf1+ 47.Kf4 Kf6 
48.Bxg6 Qe3+ 49.Kg4 Qg3+ 0-1

[Event "18th EUR-ch (w)"]
[Site "Riga LAT"]
[Date "2017.04.16"]
[Round "6.52"]
[White "Mammadova, Narmin"]
[Black "Azimova, Karina"]
[Result "1/2-1/2"]
[WhiteElo "2240"]
[BlackElo "2072"]
[EventDate "2017.04.11"]
[PlyCount "96"]

1.e4 Nf6 2.e5 Nd5 3.c4 Nb6 4.c5 Nd5 5.d4 d6 6.cxd6 exd6 7.Nf3 dxe5 8.dxe5 
Bb4+ 9.Bd2 Bxd2+ 10.Qxd2 O-O 11.Be2 c6 12.O-O Bg4 13.Na3 Nb6 14.Qf4 Bxf3 
15.Bxf3 Qc7 16.Rfe1 N8d7 17.Be4 g6 18.Qh4 Nxe5 19.f4 Ned7 20.f5 Qd8 21.Qf2
Nf6 22.Bc2 Nfd5 23.Rf1 Qf6 24.Be4 Rae8 25.Rae1 Re5 26.Qg3 g5 27.h4 h6 28.
hxg5 hxg5 29.Bxd5 Rxd5 30.Re4 Qg7 31.f6 Qg6 32.Re5 Rfd8 33.Qe3 Rxe5 34.
Qxe5 Rd5 35.Qb8+ Kh7 36.Qxb7 Rd2 37.Qxc6 Rxb2 38.Nb5 Rxa2 39.Nxa7 Qc2 40.
Qxc2+ Rxc2 41.Nb5 Kg6 42.Nd4 Rc4 43.Nf3 Rf4 44.Ne5+ Kxf6 45.Rxf4+ gxf4 46.
Nxf7 Kxf7 47.Kf2 Nd5 48.g3 fxg3+ 1/2-1/2

[Event "18th EUR-ch (w)"]
[Site "Riga LAT"]
[Date "2017.04.16"]
[Round "6.54"]
[White "Beydullayeva, Govhar"]
[Black "Toma, Katarzyna"]
[Result "1/2-1/2"]
[WhiteElo "2054"]
[BlackElo "2229"]
[EventDate "2017.04.11"]
[PlyCount "149"]

1.c4 g6 2.g3 Bg7 3.Bg2 d6 4.Nc3 e5 5.e3 Nc6 6.Nge2 Be6 7.Nd5 Qd7 8.Nec3 
Nd8 9.b3 c6 10.Nb4 Bh3 11.Bxh3 Qxh3 12.Qf3 f5 13.Bb2 a5 14.Nc2 Nf6 15.
O-O-O O-O 16.d4 e4 17.Qe2 Nf7 18.Kb1 Ng4 19.f3 exf3 20.Qxf3 Rae8 21.Rde1 
Ng5 22.Qf4 Ne4 23.Nxe4 Rxe4 24.Qxd6 Nf2 25.Rhg1 Qxh2 26.Ba3 Rfe8 27.Qd7 
Ng4 28.Rh1 Qxg3 29.Bd6 Qg2 30.Be5 R4xe5 31.dxe5 Rxe5 32.Qc8+ Bf8 33.Qd7 
Re7 34.Qd8 Qe4 35.Rhf1 a4 36.Rf4 Qe5 37.Qd4 axb3 38.axb3 Qe6 39.e4 Bg7 40.
Qd2 Qe5 41.Qc1 Qc3 42.Qa3 Re8 43.Rff1 fxe4 44.Rxe4 Ne5 45.Re3 Qd2 46.Rfe1 
b6 47.Qb4 Qd8 48.Qc3 Qg5 49.Qd4 h5 50.Re4 Kh7 51.Qxb6 Rf8 52.Qc5 Rf5 53.
Qa7 Nf3 54.Re7 Nd2+ 55.Kc1 Nxb3+ 56.Kb1 Nd2+ 57.Kc1 Nxc4+ 58.Ne3 Qh6 59.
Rxg7+ Qxg7 60.Qxg7+ Kxg7 61.Nxf5+ gxf5 62.Kd1 Kf6 63.Ke2 f4 64.Rh1 Kg5 65.
Rg1+ Kf5 66.Rh1 Ke4 67.Rxh5 Ne5 68.Rh8 c5 69.Rf8 c4 70.Kd2 f3 71.Kc3 Ke3 
72.Rf5 Ke4 73.Rf8 Kd5 74.Rf5 Ke6 75.Rxf3 1/2-1/2

[Event "18th EUR-ch (w)"]
[Site "Riga LAT"]
[Date "2017.04.16"]
[Round "6.55"]
[White "Stetsko, Lanita"]
[Black "Narva, Regina"]
[Result "1-0"]
[WhiteElo "2226"]
[BlackElo "2000"]
[EventDate "2017.04.11"]
[PlyCount "119"]

1.e4 d6 2.d4 g6 3.Nc3 Bg7 4.f4 a6 5.Nf3 b5 6.Bd3 c5 7.dxc5 dxc5 8.e5 Bb7 
9.Be3 c4 10.Be4 Nc6 11.Nd4 Rc8 12.Qf3 Nxd4 13.Bxd4 Bxe4 14.Qxe4 Nh6 15.Qb7
Rc7 16.Qb6 Rd7 17.Qxd8+ Rxd8 18.Bc5 Nf5 19.O-O h5 20.a4 Rc8 21.Ne4 O-O 22.
axb5 axb5 23.Ra7 Rfe8 24.Rd1 Ra8 25.Rb7 Reb8 26.Rxb8+ Rxb8 27.Rd7 Bf8 28.
c3 Ra8 29.Kf2 Ra1 30.Rd8 Kg7 31.Ng3 Nxg3 32.hxg3 Ra2 33.Rd2 e6 34.Bxf8+ 
Kxf8 35.Ke3 Ra7 36.Rd8+ Ke7 37.Rb8 Ra5 38.Rb7+ Kf8 39.f5 gxf5 40.Kf4 Kg7 
41.Kg5 b4 42.Rxb4 Rxe5 43.Rxc4 Re2 44.b4 Rxg2 45.Kxh5 Rxg3 46.Kh4 Rd3 47.
b5 e5 48.b6 Rd8 49.b7 Rb8 50.Rc7 Kf6 51.c4 e4 52.Kg3 Ke5 53.c5 f4+ 54.Kf2 
e3+ 55.Kf3 Kd5 56.c6 Rh8 57.Rc8 Rh3+ 58.Kxf4 e2 59.Re8 Rb3 60.c7 1-0

[Event "18th EUR-ch (w)"]
[Site "Riga LAT"]
[Date "2017.04.16"]
[Round "6.56"]
[White "Lickrastina, Agnese"]
[Black "Heinatz, Maria"]
[Result "1-0"]
[WhiteElo "2223"]
[BlackElo "1990"]
[EventDate "2017.04.11"]
[PlyCount "101"]

1.e4 c5 2.Nf3 d6 3.d4 cxd4 4.Nxd4 Nf6 5.Nc3 a6 6.Be2 e5 7.Nb3 Be7 8.Bg5 
Nbd7 9.a4 b6 10.O-O Bb7 11.f3 O-O 12.Be3 Rc8 13.Qd2 Qc7 14.Rac1 Rfd8 15.
Nd5 Nxd5 16.exd5 f5 17.c4 Rf8 18.Bd3 f4 19.Bf2 Qd8 20.Be4 Bh4 21.g3 Bg5 
22.g4 g6 23.Qe1 Nf6 24.Nd2 b5 25.h4 Nxe4 26.Nxe4 Be7 27.b3 Kg7 28.Kg2 Qd7 
29.Qa5 bxc4 30.bxc4 Bd8 31.Qb4 Be7 32.Rh1 Rb8 33.Ba7 Ra8 34.Bf2 Rab8 35.
Qa3 Rfc8 36.a5 Ba8 37.Bb6 Rb7 38.h5 g5 39.Rhd1 h6 40.Qa1 Bf6 41.c5 dxc5 
42.Nxc5 Qb5 43.Ne6+ Kf7 44.Rxc8 Rxb6 45.Rf8+ Ke7 46.Qa3+ Rd6 47.Rd2 Bxd5 
48.Rxf6 Kxf6 49.Qxd6 Bxf3+ 50.Kh2 Qc6 51.Nc5+ 1-0

[Event "18th EUR-ch (w)"]
[Site "Riga LAT"]
[Date "2017.04.16"]
[Round "6.61"]
[White "Erneste, Inguna"]
[Black "Golsta, Madara"]
[Result "1-0"]
[WhiteElo "2168"]
[BlackElo "1619"]
[EventDate "2017.04.11"]
[PlyCount "49"]

1.e4 c5 2.Nf3 d6 3.d4 cxd4 4.Nxd4 Nf6 5.Nc3 g6 6.Be3 Bg7 7.f3 O-O 8.Qd2 
Nc6 9.O-O-O d5 10.Kb1 Rb8 11.Nxc6 bxc6 12.Bxa7 Rxb2+ 13.Kxb2 Qa5 14.Bd4 c5
15.Nxd5 Qa7 16.Bxf6 exf6 17.Bc4 f5+ 18.c3 fxe4 19.fxe4 Bg4 20.Rb1 Rb8+ 21.
Ka1 Ra8 22.Rhf1 Be6 23.Rf3 Qa4 24.Nb6 Bxc3+ 25.Rxc3 1-0

[Event "18th EUR-ch (w)"]
[Site "Riga LAT"]
[Date "2017.04.16"]
[Round "6.62"]
[White "Tsoganova, Monika"]
[Black "Golsta, Ramona"]
[Result "1-0"]
[WhiteElo "2111"]
[BlackElo "1560"]
[EventDate "2017.04.11"]
[PlyCount "57"]

1.d4 f5 2.e4 fxe4 3.Nc3 Nf6 4.Bg5 e6 5.Nxe4 Be7 6.Ng3 O-O 7.Bd3 Nc6 8.Nf3 
b6 9.Qe2 a5 10.c3 Bb7 11.O-O Qe8 12.Rfe1 Nd8 13.Nh4 Nf7 14.Bd2 Nd6 15.Nf3 
Nh5 16.Ne5 Nf4 17.Bxf4 Rxf4 18.Rad1 Bf6 19.Bb1 Bxe5 20.dxe5 Nc8 21.Qd3 Rh4
22.Qxd7 Qxd7 23.Rxd7 Rc4 24.f3 Bd5 25.Nh5 Kf8 26.Rxg7 h6 27.Rh7 Ne7 28.
Rxh6 Rh4 29.g3 1-0

[Event "18th EUR-ch (w)"]
[Site "Riga LAT"]
[Date "2017.04.16"]
[Round "6.63"]
[White "Parhomenko, Margarita"]
[Black "Vidruska, Renate"]
[Result "1-0"]
[WhiteElo "1987"]
[BlackElo "2093"]
[EventDate "2017.04.11"]
[PlyCount "147"]

1.Nf3 d5 2.g3 Nf6 3.Bg2 Bf5 4.O-O e6 5.d3 h6 6.b3 Be7 7.Bb2 O-O 8.e3 a5 9.
a4 Nc6 10.Qe2 Bh7 11.Nd4 Nxd4 12.Bxd4 c6 13.Nd2 Rc8 14.Bb2 b5 15.e4 dxe4 
16.Nxe4 Nd5 17.Rfc1 Bb4 18.Qg4 Bg6 19.h4 h5 20.Qe2 Nb6 21.Bf3 bxa4 22.bxa4
Re8 23.Bxh5 Bxe4 24.dxe4 Qd2 25.Qf3 g6 26.Qf6 Qh6 27.Be2 Be7 28.Qe5 Rb8 
29.Bc3 Nxa4 30.Bd4 Nb6 31.Qxa5 Nd7 32.Qc7 Nc5 33.Bf3 Rbc8 34.Qa7 Ra8 35.
Qb6 Ra6 36.Qc7 Bd8 37.Qe5 Nd7 38.Qh8+ Qxh8 39.Bxh8 Rxa1 40.Bxa1 Bc7 41.Be2
Nc5 42.e5 Nd7 43.f4 Nb6 44.Bd4 Rd8 45.Bf2 Rb8 46.c4 Ra8 47.Rb1 Rb8 48.Ra1 
Kf8 49.Ra6 Ke7 50.c5 Nd5 51.Rxc6 Rb1+ 52.Bf1 Kd7 53.Ra6 Nb4 54.Ra3 Kc6 55.
Kg2 Rb2 56.Bc4 Rc2 57.Bd3 Rd2 58.Be4+ Kb5 59.Kf3 Ba5 60.c6 Bc7 61.Be1 Rd1 
62.Bxb4 Kxb4 63.Ra7 Bb6 64.Rxf7 Re1 65.Bxg6 Re3+ 66.Kg4 Kb5 67.c7 Rc3 68.
Re7 Bf2 69.Be4 Kb6 70.Bf3 Rxc7 71.Rxc7 Kxc7 72.h5 Bc5 73.h6 Bf8 74.Kg5 1-0

[Event "18th EUR-ch (w)"]
[Site "Riga LAT"]
[Date "2017.04.16"]
[Round "6.64"]
[White "Exler, Veronika"]
[Black "Limanovska, Elizabete"]
[Result "0-1"]
[WhiteElo "2208"]
[BlackElo "1990"]
[EventDate "2017.04.11"]
[PlyCount "60"]

1.d4 Nf6 2.Nf3 e6 3.e3 b6 4.Bd3 Bb7 5.c4 c5 6.O-O Be7 7.Nc3 O-O 8.d5 d6 9.
e4 e5 10.Ne1 Nbd7 11.g3 Ne8 12.f4 Nc7 13.f5 Bg5 14.Qh5 Bxc1 15.Rxc1 h6 16.
Nf3 Nf6 17.Qh3 Bc8 18.g4 Nh7 19.Qg3 Bd7 20.h4 f6 21.Rc2 a6 22.Rg2 b5 23.b3
bxc4 24.bxc4 Rb8 25.g5 fxg5 26.hxg5 Nxg5 27.Nxg5 Qxg5 28.Qh3 Qf6 29.Rg6 
Qxg6+ 30.fxg6 Bxh3 0-1

[Event "18th EUR-ch (w)"]
[Site "Riga LAT"]
[Date "2017.04.16"]
[Round "6.66"]
[White "Vainovska, Valentina"]
[Black "Narva, Mai"]
[Result "0-1"]
[WhiteElo "1792"]
[BlackElo "2249"]
[EventDate "2017.04.11"]
[PlyCount "116"]

1.d4 Nf6 2.c4 e6 3.Nc3 d5 4.e3 c5 5.Nf3 Nc6 6.Be2 Bd6 7.O-O O-O 8.a3 cxd4 
9.exd4 dxc4 10.Bxc4 h6 11.h3 a6 12.Re1 b5 13.Bd3 Bc7 14.Be3 Ne7 15.Qe2 Bb7
16.Ne5 Ned5 17.Rac1 Nxe3 18.Qxe3 Bb6 19.Ne2 Qd5 20.Nf3 Rfe8 21.Nc3 Qd7 22.
Ne4 Nd5 23.Qd2 Rad8 24.Nc5 Bxc5 25.Rxc5 Nf6 26.Rd1 Bxf3 27.gxf3 Kh8 28.Be4
Nxe4 29.fxe4 e5 30.d5 Qxh3 31.Rc3 Qg4+ 32.Rg3 Qxe4 33.d6 Re6 34.d7 Re7 35.
Re1 Qc6 36.Qb4 Rdxd7 37.Qg4 Qf6 38.Rc1 Rd4 39.Qc8+ Kh7 40.Rc6 Rd1+ 41.Kg2 
Qh4 42.Qf5+ g6 43.Rh3 gxf5 44.Rxh4 Re6 45.Rc8 Rd2 46.Rc7 Kg7 47.Rh3 Rg6+ 
48.Kf1 Rxb2 49.Rd3 e4 50.Rdd7 Rf6 51.Rd8 f4 52.Rcc8 f3 53.Rg8+ Kh7 54.Rh8+
Kg6 55.Kg1 e3 56.Rhg8+ Kf5 57.fxe3 Ke4 58.Rce8+ Kd3 0-1

[Event "18th EUR-ch (w)"]
[Site "Riga LAT"]
[Date "2017.04.16"]
[Round "6.67"]
[White "Nikolajeva, Marija"]
[Black "Otikova, Elina"]
[Result "0-1"]
[WhiteElo "1673"]
[BlackElo "2049"]
[EventDate "2017.04.11"]
[PlyCount "78"]

1.d4 d5 2.c4 e6 3.Nf3 Nf6 4.g3 dxc4 5.Qa4+ Nbd7 6.Qxc4 a6 7.Qc2 b5 8.Bg2 
Bb7 9.O-O c5 10.dxc5 Bxc5 11.Nbd2 Rc8 12.Qd3 O-O 13.Nb3 Bb6 14.Be3 Qe7 15.
Bxb6 Nxb6 16.Ne5 Rfd8 17.Qe3 Bxg2 18.Kxg2 Nfd5 19.Qf3 f6 20.Nd3 Nc4 21.a3 
a5 22.Rfd1 Qa7 23.Nd2 Qd4 24.Nxc4 bxc4 25.Nb4 Qxb2 26.Nxd5 exd5 27.Rab1 
Qe5 28.Rb5 c3 29.Rxa5 c2 30.Rc1 Qd4 31.Qf4 Qe4+ 32.Qf3 Rc3 33.e3 Qd3 34.
Qg4 Qe4+ 35.Qf3 Rb8 36.Rxd5 Qxf3+ 37.Kxf3 Rb1 38.Rxc2 Rxc2 39.Ra5 Rf1 0-1